Eurovision Trivia! (hard) - Statistics

General Stats
  • This quiz has been taken 75 times
  • The average score is 13 of 16
Answer Stats
Question Answer % Correct
How many people were the Brotherhood of Man group when they won in 1976? 4
99%
The Dutch singer Corry Brokken won in 1957, she also participated in 1958, what place did she get there, first, second, third or last? Last
99%
How many years did it took for Spain to win for the second time after they won in 1968? 1
94%
How many hosts hosted the Eurovision in 2013? 1
91%
How many times participated Carola (from Sweden) in the Contest? 3
91%
Which country ended second the most times? United Kingdom
91%
Portugal finnaly won in 2017, but how many times were they in the top 5 before that? 0
87%
Which country was the first to reach five wins? France
83%
What was the first country to ever sing at the Eurovision Song Contest? Netherlands
80%
How many points did the four winners have in 1969? (not added together) 18
77%
In which year did Sweden and France both have the highest points? 1991
75%
Who won for Latvia in 2002? Marie N
75%
In which city won Italy the contest with Toto Cutugno? Zagreb
74%
In which country was a fire that caused almost all footage of the Contest of 1964 to be lost? Denmark
62%
Finish the lyrics from Niamh Kavanagh in 1993: In your eyes, i see the light ....... .. .... ...... Leading me home again
45%
Finish the lyrics of the famous intervalact in 2016: Our hands will touch, .......... ..... .. .... Pretending, we're in love
36%
No matching quizzes found
Score Distribution
Percent of People with Each Score
Percentile by Number Answered
Your Score History
You have not taken this quiz